Curso medio de Economía / (Record no. 148488)

MARC details
000 -LEADER
campo de control de longitud fija 00752nam a2200205 4500
001 - NÚMERO DE CONTROL
campo de control 148488
003 - IDENTIFICADOR DE NÚMERO DE CONTROL
campo de control ES-MaACL
007 - CAMPO FIJO DE DESCRIPCIÓN FÍSICA--INFORMACIÓN GENERAL
campo de control de longitud fija t|
008 - DATOS DE LONGITUD FIJA--INFORMACIÓN GENERAL
campo de control de longitud fija 070214s1941 mx r ||||1| spa d
100 1# - ENTRADA PRINCIPAL--NOMBRE DE PERSONA
Nombre de persona Strigl, Richard V.
9 (RLIN) 108431
245 10 - MENCIÓN DEL TÍTULO
Título Curso medio de Economía /
Mención de responsabilidad, etc. Richard V. Strigl ; versión española de M. Sánchez Sarto.
250 ## - MENCION DE EDICION
Mención de edición [1ª ed. española].
260 ## - PUBLICACIÓN, DISTRIBUCIÓN, ETC.
Lugar de publicación, distribución, etc. México :
Nombre del editor, distribuidor, etc. Fondo de Cultura Económica,
Fecha de publicación, distribución, etc. [1941] (
Fabricante Artes Gráficas Comerciales)
300 ## - DESCRIPCIÓN FÍSICA
Extensión 283 p. :
Otras características físicas il. ;
Dimensiones 20 cm.
490 1# - MENCIÓN DE SERIE
Mención de serie Sección de Economía. II. Manuales introductorios
700 1# - ENTRADA AGREGADA--NOMBRE PERSONAL
Nombre de persona Sánchez Sarto, Manuel.
9 (RLIN) 102931
830 0# - PUNTO DE ACCESO ADICIONAL DE SERIE-TÍTULO UNIFORME
Título uniforme Sección de Economía. II. Manuales introductorios
9 (RLIN) 221016
852 ## - LOCALIZACIÓN
Ubicación ES-MaACL
Número de control de estantería E-537
Sublocalización o colección R.26717
Holdings
Estatus retirado Estado de pérdida Estado de daño No para préstamo Biblioteca de origen Biblioteca actual Ubicación en estantería Fecha de adquisición Fuente de adquisición Total de préstamos Signatura topográfica completa Código de barras Visto por última vez Precio de reemplazo Tipo de ítem Koha
        Biblioteca del Ateneo de Madrid Biblioteca del Ateneo de Madrid Depósito 2 17/01/2008     E-537 1154961 23/02/2023 23/02/2023 Libro impreso